Encountering the Chinese (Record no. 146182)
[ view plain ]
| 000 -LEADER | |
|---|---|
| fixed length control field | 01308nam a22003374a 4500 |
| 100 1# - MAIN ENTRY--AUTHOR NAME | |
| Personal name | Hu, Wenzhong, |
| 245 10 - TITLE STATEMENT | |
| Title | Encountering the Chinese |
| 250 ## - EDITION STATEMENT | |
| Edition statement | 3rd ed. |
| 260 ## - PUBLICATION, DISTRIBUTION, ETC. (IMPRINT) | |
| Place of publication | Boston : |
| Name of publisher | Nicholas Brealey Pub., |
| Year of publication | 2010. |
| 300 ## - PHYSICAL DESCRIPTION | |
| Number of Pages | xxx, 191 p. |
| 650 #0 - SUBJECT ADDED ENTRY--TOPICAL TERM | |
| Topical Term | National characteristics, Chinese. |
| 700 1# - ADDED ENTRY--PERSONAL NAME | |
| Personal name | Grove, Cornelius Lee. |
| Personal name | Zhuang, Enping. |
| 856 40 - ELECTRONIC LOCATION AND ACCESS | |
| Uniform Resource Identifier | http://site.ebrary.com/lib/rucke/Doc?id=10430718 |
No items available.
